000 00326nam a2200145Ia 4500
008 150201s2011 xx 000 0 und d
082 _a610.7
_bN11S
100 _aSIRRA , ESTHER
245 _aNURSING PROCESS
250 _a2ND
260 _bELSEVIER
_aINDIA
_c2011
300 _a150
650 _aNURSING
942 _2ddc
_cBK
_03
999 _c2091
_d2091